[Event "Autumn Cup"]
[Site "Wellington Chess Club"]
[Date "2017.04.27"]
[Round "1.7.2"]
[White "Kibblewhite, Daniel"]
[Black "Tagos, Bernardo"]
[Result "1-0"]
[WhiteElo "1451"]
[BlackElo "1433"]

1. e4 c5 2. c3 d6 3. d4 cxd4 4. cxd4 e6 5. Nf3 Nf6 6. Nc3 a6 7. Bf4 Be7 8. a4
O-O 9. Bc4 Nbd7 10. O-O Qc7 11. Ba2 e5 12. Bg5 Nb6 13. Rc1 Qb8 14. a5 Nbd7 15.
Re1 h6 16. Be3 b6 17. b4 Bb7 18. d5 Ng4 19. Bxb6 Nxb6 20. axb6 Bc8 21. Na4 Bd8
22. Nd2 Bxb6 23. Nxb6 Qxb6 24. Qe2 Qxb4 25. Rb1 Qa5 26. Nc4 Qd8 27. Nb6 Rb8 28.
Nxc8 Qxc8 29. Rxb8 Qxb8 30. Qxg4 Rc8 31. Kf1 Rc2 32. Bb1 Rb2 33. Bd3 a5 34. Rc1
Qa7 35. Rc8+ Kh7 36. Qf5+ g6 37. Qf6 Rxf2+ 38. Qxf2 Qb7 39. Qc2 Kg7 40. Qc6 Qb3
41. Qc2 Qb6 42. Rc6 Qd8 43. Ra6 Qf6+ 44. Qf2 Qg5 45. Rxa5 Qc1+ 46. Qe1 Qf4+ 47.
Kg1 h5 48. Qf1 Qe3+ 49. Kh1 h4 50. h3 g5 51. Ra7 Qxa7 52. Qf5 f6 53. Be2 Qf7
54. Qe6 Qf8 55. Bh5 Kh6 56. Qf7 Qxf7 57. Bxf7 Kg7 58. Be6 Kh6 59. Kg1 Kg7 60.
Kf2 Kh6 61. Ke3 Kg7 62. Kd3 Kf8 63. Kc4 Ke7 64. Kb5 Kd8 65. Kc6 Ke7 66. Kc7 g4
67. Bxg4 f5 68. Bxf5 Kf6 69. Kxd6 1-0

[Event "Autumn Cup"]
[Site "Wellington Chess Club"]
[Date "2017.04.27"]
[Round "1.8.1"]
[White "Hall, Nathan"]
[Black "Konakanchi, Pramodh"]
[Result "1-0"]
[WhiteElo "1200"]
[BlackElo "1129"]

1. e4 e5 2. Nf3 Nc6 3. d4 exd4 4. Bc4 h6 5. c3 dxc3 6. Nxc3 d6 7. Qb3 Be6 8.
Bxe6 fxe6 9. Qxe6+ Nce7 10. Bf4 Nf6 11. e5 dxe5 12. Nxe5 Qd4 13. Qf7+ Kd8 14.
Rd1 c5 15. Rxd4+ cxd4 16. O-O dxc3 17. Rd1+ Nfd5 18. Rxd5+ Nxd5 19. Qxd5+ Kc8
20. Qd7+ Kb8 21. Nc6# 1-0

[Event "Autumn Cup"]
[Site "Wellington Chess Club"]
[Date "2017.04.27"]
[Round "1.8.2"]
[White "Asher, Bruce"]
[Black "Sknar, Andrew"]
[Result "1/2-1/2"]
[WhiteElo "1288"]
[BlackElo "1266"]

1. d4 d5 2. c4 dxc4 3. Nc3 Nf6 4. Nf3 Nc6 5. e4 Bg4 6. Be2 Bxf3 7. Bxf3 Nxd4 8.
Qa4+ Qd7 9. Bd1 b5 10. Qa6 Qc6 11. Qxc6+ Nxc6 12. Nxb5 Rc8 13. Ba4 Kd8 14. Be3
a6 15. Rd1+ Nd7 16. Na7 Ne5 17. Nxc8 Kxc8 18. f4 Nd3+ 19. Kf1 g6 20. b3 Bg7 21.
bxc4 N3c5 22. Bxd7+ Nxd7 23. Bf2 Rd8 24. Ke2 Bh6 {Maybe I give up too easily.
Drawn eventually} 1/2-1/2

[Event "Autumn Cup"]
[Site "Wellington Chess Club"]
[Date "2017.04.27"]
[Round "1.8.3"]
[White "He, Paul"]
[Black "Jacobsen-Grocott, Josiah"]
[Result "0-1"]
[WhiteElo "1051"]
[BlackElo "1100"]

1. e4 e5 2. Nf3 Nc6 3. Bc4 Bc5 4. b4 Bxb4 5. c3 Bc5 6. d4 exd4 7. cxd4 Bb4+ 8.
Bd2 h6 9. d5 Bxd2+ 10. Qxd2 Qf6 11. Nc3 Na5 12. Bb3 d6 13. O-O Bg4 14. Nd4
O-O-O 15. Nce2 Bxe2 16. Nxe2 b6 17. Qd4 Qxd4 18. Nxd4 Nf6 19. f3 g6 20. Nc6
Nxc6 21. dxc6 Rh7 22. Kf2 Ng8 23. Ke3 Ne7 24. Bd5 f5 25. Be6+ Kb8 26. Bd7 Rf7
27. exf5 Nxf5+ 28. Ke4 Ng7 29. Kd4 Rf6 30. g4 Rdf8 31. Ke4 Rf4+ 32. Ke3 a6 33.
Rae1 Ka7 34. Kd2 Rxf3 35. Rxf3 Rxf3 36. Re7 Rf2+ 37. Ke3 Rxa2 38. Rxg7 b5 39.
Rxg6 b4 40. Bf5 Ra3+ 41. Kd4 Rc3 42. Be4 a5 43. Rxh6 a4 44. g5 a3 45. Bd5 Rc5
46. Ba2 Rxg5 47. Kc4 Rg2 48. Kxb4 Rxa2 49. Re6 Rxh2 50. Kxa3 Kb6 51. Kb4 Kxc6
52. Re4 Kd5 53. Re1 c5+ 54. Kc3 Rh3+ 55. Kd2 Kd4 56. Kc2 c4 57. Rd1+ Kc5 58.
Rd2 d5 59. Rd1 d4 60. Kd2 Rd3+ 0-1

[Event "Autumn Cup"]
[Site "Wellington Chess Club"]
[Date "2017.05.04"]
[Round "2.1.1"]
[White "Perry, Roger"]
[Black "Ker, Anthony"]
[Result "0-1"]
[WhiteElo "2125"]
[BlackElo "2474"]

1. e4 c5 2. c3 g6 3. d4 cxd4 4. cxd4 d5 5. e5 Bg7 6. Nf3 Nc6 7. Nc3 f6 8. exf6
exf6 9. h3 Nge7 10. Be2 O-O 11. O-O Be6 12. Bf4 Nf5 13. Qd2 Nd6 14. Bd3 Re8 15.
Rfe1 Nb4 16. Bf1 Nc4 17. Qc1 Rc8 18. b3 Nd6 19. Qd2 Bf8 20. Rac1 Rxc3 21. Rxc3
Ne4 22. Qb2 Nxc3 23. Qxc3 Qb6 24. a3 Nc6 25. Ra1 Rc8 26. Qe3 Na5 27. b4 Nc4 28.
Qb3 g5 29. Be3 Qb5 30. Bd3 a5 31. Rb1 (31. Bxg5 $1 fxg5 32. Nxg5 Qd7 33. Bxh7+
Kh8 34. Qf3 {with a nice attack} ) 31... axb4 32. axb4 Ra8 33. Bc2 $2 Ra3 0-1

[Event "Autumn Cup"]
[Site "Wellington Chess Club"]
[Date "2017.05.04"]
[Round "2.1.2"]
[White "Croad, Nicolas"]
[Black "Dive, Russell"]
[Result "1/2-1/2"]
[WhiteElo "2375"]
[BlackElo "2426"]

1. d4 Nf6 2. c4 e6 3. Nf3 b6 4. g3 Ba6 5. Qc2 d5 6. cxd5 exd5 7. Bg2 Bd6 8. O-O
O-O 9. Nc3 Re8 10. Bg5 (10. Nxd5 $5 Nxd5 11. Ng5 Nf6 12. Bxa8) 10... c6 11.
Rad1 Nbd7 12. Rfe1 h6 13. Bc1 Bf8 14. Nh4 b5 15. a3 Qb6 16. Nf5 Rac8 17. e4
dxe4 18. Nxe4 Nxe4 19. Rxe4 Nf6 20. Rxe8 Nxe8 21. Qe4 b4 22. Ne7+ Bxe7 23. Qxe7
bxa3 24. Qxa3 Bc4 25. Qc5 Be6 26. Re1 Nf6 27. Qxb6 axb6 28. Bd2 Bd5 29. f3 Ra8
30. Bb4 g5 31. h4 gxh4 32. gxh4 Kg7 33. Kf2 Kg6 34. Re5 Ra4 35. Bc3 Ra1 36. Bf1
Rd1 37. Be2 Rh1 38. Bd3+ Kg7 39. Kg3 Rg1+ 40. Kh2 Rc1 41. Kg2 Nd7 42. Re2 Nf8
43. Kg3 Ne6 44. Rg2 Rh1 45. Be4 Kf6 46. Bd2 h5 47. Bc3 Rd1 48. Bc2 Rf1 49. Rf2
Rg1+ 50. Kh2 Rc1 51. Bd3 Nf4 52. Be4 Rd1 53. Bc2 Rc1 54. Be4 Rd1 55. Bc2 Rc1
56. Bb4 Ne6 57. Bc3 Nf4 58. Kg3 Ne6 59. Be4 Rg1+ 60. Kh2 Rd1 61. Kg3 Rg1+ 62.
Kh2 1/2-1/2

[Event "Autumn Cup"]
[Site "Wellington Chess Club"]
[Date "2017.05.04"]
[Round "2.2.1"]
[White "Forster, Bill"]
[Black "Jackson, Ross"]
[Result "1-0"]
[WhiteElo "2094"]
[BlackElo "2053"]

1. d4 d5 2. c4 e6 3. Nc3 c6 4. Nf3 Nf6 5. Bg5 Nbd7 6. Qc2 Qa5 7. Nd2 dxc4 8.
Bxf6 Nxf6 9. Nxc4 Qc7 10. e4 Be7 11. Bd3 h6 12. O-O O-O 13. Rac1 Rd8 14. Rfd1
Qb8 15. Qe2 b5 16. Ne5 Bb7 17. Nf3 a6 18. e5 Nd7 19. Ne4 Rc8 20. Nc5 Nb6 21.
Qe4 g6 22. Nxe6 c5 23. Qg4 fxe6 24. Qxg6+ Kf8 25. Qxh6+ Ke8 26. Qxe6 Bd5 27.
Bg6+ Kf8 28. Qf5+ Kg7 29. e6 Rf8 30. Bf7 Bxe6 31. Qxe6 Rxf7 32. Ne5 Qg8 33.
Nxf7 Qxf7 34. Qxb6 Rf8 35. dxc5 Qxf2+ 36. Kh1 Rf6 37. Qc7 Kf7 38. Qd7 Qxb2 39.
Re1 Qf2 1-0

[Event "Autumn Cup"]
[Site "Wellington Chess Club"]
[Date "2017.05.04"]
[Round "2.2.2"]
[White "Stone, Andrew"]
[Black "Pomeroy, Arthur"]
[Result "1/2-1/2"]
[WhiteElo "2118"]
[BlackElo "2075"]

1. e4 c5 2. d4 cxd4 3. c3 Nf6 4. e5 Nd5 5. Nf3 d6 6. Bc4 dxe5 7. Nxe5 e6 8. O-O
Nc6 9. cxd4 Be7 10. Nf3 O-O 11. Nc3 Nb6 12. Bb3 Bf6 13. d5 exd5 14. Nxd5 Nxd5
15. Bxd5 Nd4 16. Be4 Bg4 17. Be3 Nxf3+ 18. Bxf3 Qxd1 1/2-1/2

[Event "Autumn Cup"]
[Site "Wellington Chess Club"]
[Date "2017.05.04"]
[Round "2.3.1"]
[White "Rossiter, Philip"]
[Black "Brockway, Andrew"]
[Result "1-0"]
[WhiteElo "1945"]
[BlackElo "1877"]

1. c4 e5 2. Nc3 Nc6 3. g3 g6 4. Bg2 Bg7 5. Nf3 f5 6. d3 Nf6 7. O-O O-O 8. Rb1
a5 9. a3 d6 10. Nd5 Nxd5 11. cxd5 Ne7 12. Qb3 b6 13. Ng5 Rb8 14. Bd2 Bd7 15.
Ne6 Bxe6 16. dxe6 d5 17. Bg5 Bf6 18. Bxf6 Rxf6 19. f4 Qd6 20. e4 dxe4 21. dxe4
Qxe6 22. Qc3 Nc6 23. exf5 gxf5 24. Bxc6 Qxc6 25. fxe5 Qxc3 26. bxc3 Rc6 27.
Rxf5 Re8 28. Re1 Ree6 29. Re3 Re7 30. Kg2 Kg7 31. Kf3 Kg6 32. g4 Rce6 33. h4 h6
34. h5+ Kg7 35. c4 Rd7 36. Ke4 c5 37. Rd3 Rxd3 38. Kxd3 Re7 39. Ke4 Rd7 40. e6
Rd1 41. Ke5 Re1+ 42. Kd6 Rd1+ 43. Ke7 Rd4 44. Rf6 Rxc4 45. Rg6+ Kh7 46. Ke8 Re4
47. e7 b5 48. Kf7 Rf4+ 49. Rf6 Rxg4 50. e8=Q 1-0

[Event "Autumn Cup"]
[Site "Wellington Chess Club"]
[Date "2017.05.04"]
[Round "2.3.2"]
[White "Aldridge, Alan"]
[Black "Barraza, Jesse"]
[Result "1-0"]
[WhiteElo "1943"]
[BlackElo "1871"]

1. b3 d6 2. Bb2 Nf6 3. f4 c5 4. d3 Nc6 5. e4 e5 6. fxe5 Ng4 7. Nf3 Ncxe5 8. d4
Nxf3+ 9. Qxf3 Qg5 10. Bb5+ Kd8 11. Nd2 Qe3+ 12. Be2 cxd4 13. Nc4 Qxf3 14. gxf3
Ne3 15. Nxe3 dxe3 16. Bd4 f5 17. O-O-O fxe4 18. fxe4 Be6 19. e5 d5 20. Bxe3
Ba3+ 21. Kb1 Kc7 22. Rhf1 Rhf8 23. Bf3 h6 24. Bg2 g5 25. Bc1 Bc5 26. a3 Rxf1
27. Rxf1 Rf8 28. b4 Rxf1 29. Bxf1 Bd4 30. Bb2 Bxb2 31. Kxb2 g4 32. Kc3 h5 33.
Kd4 h4 34. Ke3 h3 35. Kf4 d4 36. Be2 Bd7 37. Bxg4 Ba4 38. Bf5 Kc6 39. Be4+ Kb6
40. Bd3 Bd7 41. Ke4 a5 42. Kxd4 axb4 43. axb4 Be6 44. c4 Kc7 45. Be4 b6 46. Bd5
Bg4 47. c5 b5 48. e6 Be2 49. Ke5 Bf1 50. Kf6 Bc4 51. Be4 1-0

[Event "Autumn Cup"]
[Site "Wellington Chess Club"]
[Date "2017.05.04"]
[Round "2.3.3"]
[White "Stoeveken, Peter"]
[Black "Farrington, Lawrence"]
[Result "0-1"]
[WhiteElo "1863"]
[BlackElo "1855"]

1. d4 d5 2. Nf3 Nf6 3. Bg5 e6 4. e3 c5 5. c3 Nc6 6. Bd3 h6 7. Bh4 cxd4 8. exd4
Be7 9. Bc2 Ne4 10. Bxe7 Qxe7 11. Qe2 Nf6 12. Nbd2 Bd7 13. Ne5 Rc8 14. Ng4 Nxd4
15. Nxf6+ Qxf6 16. Qd1 Nxc2+ 17. Qxc2 Qe5+ 18. Kd1 O-O 19. Nf3 Qc7 20. g4 Qf4
21. Qe2 Bc6 22. g5 d4 23. Nxd4 Bxh1 0-1

[Event "Autumn Cup"]
[Site "Wellington Chess Club"]
[Date "2017.05.04"]
[Round "2.4.1"]
[White "Benitez, Edgar"]
[Black "Day, Fabian"]
[Result "0-1"]
[WhiteElo "1700"]
[BlackElo "1726"]

1. d4 f5 2. g3 Nf6 3. Bg2 d6 4. Nf3 g6 5. c4 Bg7 6. O-O O-O 7. Nc3 c6 8. Bg5
Ne4 9. Bd2 Nxd2 10. Qxd2 e5 11. d5 e4 12. Nd4 Qe7 13. e3 c5 14. Nde2 Nd7 15.
Rad1 Ne5 16. b3 Bd7 17. Kh1 Rab8 18. Nf4 Rfd8 19. a4 a6 20. f3 exf3 21. Bxf3
Nxf3 22. Rxf3 Qe5 23. Nb1 Qe4 24. Qg2 b5 25. axb5 axb5 26. Rd3 g5 27. Nd2 Qe8
28. Ne6 Bxe6 29. dxe6 Qxe6 30. Qf2 bxc4 31. bxc4 Rf8 32. Rd5 Be5 33. Qe2 Bc3
34. Nf1 Qe4 35. Qg2 Rb2 36. Nd2 Rxd2 37. Rxd2 Bxd2 38. Rf2 Qxg2+ 39. Kxg2 Bxe3
40. Re2 f4 41. gxf4 gxf4 0-1

[Event "Autumn Cup"]
[Site "Wellington Chess Club"]
[Date "2017.05.04"]
[Round "2.4.2"]
[White "Winter, Ryan"]
[Black "Rabina, Romeo"]
[Result "1-0"]
[WhiteElo "1715"]
[BlackElo "1771"]

1. d4 d5 2. c4 e6 3. Nc3 dxc4 4. e4 Be7 5. Bxc4 Nd7 6. Nf3 c6 7. Be3 Ngf6 8.
O-O O-O 9. Qe2 Qc7 10. Rac1 Rd8 11. Bb3 Nb6 12. Rfd1 Bd7 13. d5 Ng4 14. Nb5 Qb8
15. dxe6 Bxe6 16. Bxe6 fxe6 17. Nbd4 Nxe3 18. Qxe3 Qd6 19. Qb3 Qb4 20. Qxe6+
Kh8 21. Ne5 Rf8 22. Nf7+ Rxf7 23. Qxf7 Rf8 24. Qb3 1-0

[Event "Autumn Cup"]
[Site "Wellington Chess Club"]
[Date "2017.05.04"]
[Round "2.5.1"]
[White "Wight, Joshua"]
[Black "Thorpe, Richard"]
[Result "0-1"]
[WhiteElo "1629"]
[BlackElo "1630"]

1. e4 e5 2. Nf3 Nc6 3. Bc4 Nf6 4. d3 { C55 Italian Game: Two Knights Defense,
Modern Bishop's Opening } 4... d5 5. exd5 Nxd5 6. Bd2 Bg4 7. h3 Bxf3 8. Qxf3
Nd4 9. Qd1 b5 10. Bb3 Bc5 11. Nc3 c6 12. O-O O-O 13. Ne4 Bb6 14. Re1 h6 15. Qg4
f5 16. Qg3 fxe4 17. Bxh6 Nf5 18. Qxe5 Nxh6 19. Rf1 exd3 20. Qe6+ Kh8 21. Qxc6
Nb4 22. Qxb5 Nxc2 23. Rad1 Qh4 24. Qxd3 Rxf2 25. Kh1 Rxf1+ 26. Rxf1 Ne3 27. Rc1
Nhg4 28. Qg6 Nf2+ 29. Kg1 Nxh3+ 30. gxh3 Ng4+ 31. Kg2 Qf2+ 32. Kh1 Qh2# { Black
wins by checkmate. } 0-1

[Event "Autumn Cup"]
[Site "Wellington Chess Club"]
[Date "2017.05.04"]
[Round "2.5.3"]
[White "Wevers, Alexis"]
[Black "Sole, Michael"]
[Result "0-1"]
[WhiteElo "1641"]
[BlackElo "1586"]

1. c4 e5 2. Nc3 Nf6 3. g3 d5 4. cxd5 Nxd5 5. Bg2 Nb6 6. Nf3 Nc6 7. O-O Be7 8.
b3 O-O 9. Bb2 f6 10. e4 Bg4 11. Ne2 Qd3 12. Nc1 Qd7 13. d4 exd4 14. Qd3 Ne5 15.
Nxe5 fxe5 16. f3 Bh3 17. Ne2 Bxg2 18. Kxg2 c5 19. f4 exf4 20. Nxf4 Bd6 21. Ne2
Rae8 22. b4 Qc6 23. Rxf8+ Bxf8 24. bxc5 Rxe4 25. Qb3+ Kh8 26. Kf1 Re3 27. Qd1
d3 28. Ng1 Nc4 29. Bd4 Qe4 30. Bc3 Re2 31. Qxe2 dxe2+ 32. Nxe2 Ne3+ 33. Kf2
Bxc5 34. Bd4 Bxd4 35. Rc1 Nc2+ 36. Nxd4 Qe3+ 0-1

[Event "Autumn Cup"]
[Site "Wellington Chess Club"]
[Date "2017.05.04"]
[Round "2.6.1"]
[White "Bennett, Ezra"]
[Black "Darr, Samuel"]
[Result "1/2-1/2"]
[WhiteElo "1452"]
[BlackElo "1501"]

1. Nf3 d5 2. d4 Nf6 3. g3 g6 4. Bf4 Bf5 5. Ne5 Nbd7 6. Nd2 Ne4 7. Nxe4 Nxe5 8.
Bxe5 Bxe4 9. f3 f6 10. fxe4 fxe5 11. exd5 Qxd5 12. Rg1 Qxd4 13. Qxd4 exd4 14.
O-O-O O-O-O 15. Bh3+ Kb8 16. c3 Bg7 17. Kc2 Rhf8 18. Rg2 a6 19. g4 g5 20. Kb3
dxc3 21. Rxd8+ Rxd8 22. bxc3 Rd2 23. Rf2 Bf6 24. Bf1 Rd1 25. Kc2 Rd6 26. e3 Rc6
27. c4 b5 28. Kb3 bxc4+ 29. Bxc4 Rb6+ 30. Ka4 Bc3 31. a3 Bf6 32. Rd2 Rc6 33.
Bd5 Rd6 34. Rd3 Be5 35. Rb3+ Rb6 36. h3 Kc8 37. Ka5 Rh6 38. e4 c6 39. Bc4 Bc7+
40. Ka4 c5 41. Bg8 Kd8 42. Rc3 Bd6 43. Rd3 Ke8 44. Bc4 Bc7 45. Rd5 Rxh3 46.
Rxc5 Bf4 47. Bxa6 Rh4 48. Be2 Rh3 49. Rd5 Bc1 50. Rd3 Rxd3 51. Bxd3 h6 52. Kb3
Be3 53. Be2 Kd7 54. a4 Kc6 55. Bf3 Kc5 56. Kc3 e5 57. Kd3 1/2-1/2

[Event "Autumn Cup"]
[Site "Wellington Chess Club"]
[Date "2017.05.04"]
[Round "2.7.1"]
[White "Zhao, Aiden"]
[Black "Tagos, Bernardo"]
[Result "0-1"]
[WhiteElo "1315"]
[BlackElo "1433"]

1. e4 c5 2. Nf3 d6 3. d4 cxd4 4. Qxd4 Nc6 5. Qd1 a6 6. Bc4 e6 7. O-O Nf6 8. Bg5
Be7 9. Nc3 O-O 10. Bxf6 Bxf6 11. Re1 b5 12. Bb3 Qc7 13. Qd2 Bb7 14. Rad1 Rfd8
15. Qf4 Ne5 16. Rd2 h6 17. Red1 Nxf3+ 18. Qxf3 Rd7 19. a4 b4 20. Na2 Bxb2 21.
Nxb4 Bc3 22. Nxa6 Bxa6 23. Rd3 Bxd3 24. Rxd3 Be5 25. Qg4 Qa5 26. g3 Rad8 27.
Kg2 d5 28. exd5 exd5 29. c3 Bxc3 30. Qf3 Bf6 31. h4 Qa8 32. Kh3 d4 33. Qxa8
Rxa8 34. Rd1 d3 35. Rd2 Bc3 36. Rd1 d2 0-1

[Event "Autumn Cup"]
[Site "Wellington Chess Club"]
[Date "2017.05.04"]
[Round "2.7.2"]
[White "He, Caleb"]
[Black "Leask, Hamish"]
[Result "0-1"]
[WhiteElo "1416"]
[BlackElo "1300"]

1. e4 e5 2. Nf3 Nc6 3. Bc4 Bc5 4. b4 Bxb4 5. c3 Ba5 6. O-O Nf6 7. d4 Nxe4 8.
Bb2 d5 9. Re1 Bg4 10. h3 Bxf3 11. Qxf3 O-O 12. Bxd5 Qxd5 13. Rxe4 f5 14. Re3 e4
15. Qe2 b5 16. Nd2 Bb6 17. c4 bxc4 18. Qxc4 Qxc4 19. Nxc4 Bxd4 20. Bxd4 Nxd4
21. Rb1 Rab8 22. Ree1 Kf7 23. Ne5+ Ke6 24. f4 Rxb1 25. Rxb1 Ne2+ 26. Kf2 Nxf4
27. Nc4 Nd3+ 28. Ke2 Kd5 29. Nd2 a6 30. g3 f4 31. gxf4 Rxf4 32. Nxe4 Rxe4+ 33.
Kxd3 Ra4 34. Rb2 Ra3+ 35. Ke2 Rxh3 36. Rd2+ Kc6 37. Rc2+ Kb7 38. Kd1 Rh1+ 39.
Kd2 Rh2+ 40. Kc1 Rxc2+ 41. Kxc2 c5 42. a4 Kc6 43. Kb3 Kd5 44. Ka3 Kc4 45. Kb2
Kb4 46. Ka2 Kc3 47. Ka3 g5 48. Ka2 Kc2 49. Ka3 g4 50. Ka2 g3 51. Ka3 g2 52. Ka2
g1=Q 53. Ka3 Qc1+ 54. Ka2 Qb2# 0-1

[Event "Autumn Cup"]
[Site "Wellington Chess Club"]
[Date "2017.05.04"]
[Round "2.8.1"]
[White "Sknar, Andrew"]
[Black "Jacobsen-Grocott, Josiah"]
[Result "0-1"]
[WhiteElo "1266"]
[BlackElo "1100"]

1. e4 e5 2. Nf3 Nc6 3. Bc4 Bc5 4. d3 h6 5. O-O Nf6 6. h3 O-O 7. Nxe5 Nxe5 8. d4
Nxc4 9. e5 Nxe5 10. dxe5 Nh7 11. Qg4 d5 12. Qg3 g5 13. h4 Bf5 14. Na3 Bg6 15.
Qg4 f5 16. exf6 Qxf6 17. Be3 Bxe3 18. fxe3 Qxb2 19. Qe6+ Bf7 20. Rxf7 Rxf7 21.
Rf1 Rf8 22. Rxf7 Rxf7 23. Qg6+ Qg7 24. Qxg7+ Kxg7 25. hxg5 Nxg5 26. Nb5 a6 27.
Na7 Rf8 0-1

[Event "Autumn Cup"]
[Site "Wellington Chess Club"]
[Date "2017.05.04"]
[Round "2.8.2"]
[White "Asher, Bruce"]
[Black "Hall, Nathan"]
[Result "1-0"]
[WhiteElo "1288"]
[BlackElo "1200"]

1. d4 f5 2. Nf3 Nf6 3. e3 e6 4. Nc3 b6 5. b3 Bb4 6. Bd2 Bb7 7. a3 Bxc3 8. Bxc3
O-O 9. Bd3 Nc6 10. O-O Qe8 11. h3 Ne7 12. Re1 Ne4 13. Bb4 d6 14. Bxe4 Bxe4 15.
Ng5 Rf6 16. Nxe4 fxe4 17. c4 a5 18. Bc3 d5 19. Ra2 Qg6 20. c5 Nf5 21. Qg4 Raf8
22. cxb6 cxb6 23. b4 a4 24. b5 Qxg4 25. hxg4 Nd6 26. Bb4 Rd8 27. Rc2 Rg6 28.
Rc6 Nc4 29. f3 exf3 30. gxf3 h5 31. Kf2 hxg4 32. Rg1 g3+ 33. Rxg3 Rxg3 34. Kxg3
Re8 35. e4 Kh7 36. exd5 exd5 37. Kg4 g6 38. Kg5 Rf8 39. Bxf8 1-0

[Event "Autumn Cup"]
[Site "Wellington Chess Club"]
[Date "2017.05.07"]
[Round "2.5.2"]
[White "Benitez, Rick"]
[Black "Meravanage, Satwik"]
[Result "1/2-1/2"]
[WhiteElo "1600"]
[BlackElo "1524"]

1. c4 e6 2. e4 c5 3. Nc3 Nc6 4. Nf3 d6 5. g3 Nf6 6. Bg2 Be7 7. O-O O-O 8. d3 b6
9. b3 d5 10. Bb2 d4 11. Ne2 e5 12. Bc1 Ne8 13. Ne1 Bg5 14. f4 exf4 15. Bxf4
Bxf4 16. Nxf4 Ne5 17. Qh5 f6 18. Bh3 g6 19. Qe2 Bxh3 20. Nxh3 Nd6 21. Ng2 Qe7
22. Nhf4 Rae8 23. Nd5 Qd8 24. Rf2 f5 25. exf5 Rxf5 26. Rxf5 Nxf5 27. Rf1 Kg7
28. Qd1 Qg5 29. Nc7 1/2-1/2

[Event "Autumn Cup"]
[Site "Wellington Chess Club"]
[Date "2017.05.11"]
[Round "3.1.1"]
[White "Dive, Russell"]
[Black "Wastney, Scott"]
[Result "1-0"]
[WhiteElo "2426"]
[BlackElo "2391"]

1. Nf3 f5 2. g3 Nf6 3. Bg2 g6 4. b3 Bg7 5. Bb2 O-O 6. O-O d6 7. d4 Ne4 8. Nbd2
Nc6 9. Nc4 e6 10. d5 Bxb2 11. Nxb2 Nc3 12. Qd2 Nxd5 13. c4 Nf6 14. a3 Ne4 15.
Qc2 Qf6 16. Rac1 Bd7 17. Rfd1 Rae8 18. b4 Bc8 19. e3 g5 20. Nd3 Re7 21. c5 g4
22. cxd6 cxd6 23. Nd4 Nxd4 24. exd4 Qxd4 25. Nf4 Qe5 26. Bxe4 fxe4 27. Re1 d5
28. Qc5 Ref7 29. Qxa7 Qd6 30. Qd4 Rc7 31. Qd1 Rxc1 32. Qxg4+ Kh8 33. Rxc1 Bd7
34. Qg5 e5 35. Nh5 Rf7 36. Rc5 h6 37. Qd8+ Kh7 38. Rc7 (38. Rc8 $1 {wins} )
38... Qg6 39. Nf6+ Qxf6 40. Qxf6 Rxf6 41. Rxd7+ Kg6 42. Rxd5 Kf5 43. Rd7 e3 44.
fxe3 Ke4 45. Rxb7 Kxe3 46. a4 e4 47. a5 Kd2 48. b5 e3 49. Rd7+ Ke1 50. a6 Rf1+
51. Kg2 Rf2+ 52. Kh3 1-0

[Event "Autumn Cup"]
[Site "Wellington Chess Club"]
[Date "2017.05.11"]
[Round "3.2.1"]
[White "Nyberg, Michael"]
[Black "Forster, Bill"]
[Result "1-0"]
[WhiteElo "2032"]
[BlackElo "2094"]

1. e4 d5 2. exd5 Qxd5 3. Nc3 Qd8 4. Bc4 Nf6 5. Nf3 Bf5 6. d3 e6 7. Bg5 Nbd7 8.
a4 Be7 9. Qe2 O-O 10. O-O c6 11. Rfe1 Nd5 12. Bd2 Re8 13. Ne4 Bg4 14. d4 e5 15.
h3 Bxf3 16. Qxf3 exd4 17. Qd3 N7f6 18. Qxd4 Nb6 19. Qxd8 Raxd8 20. Bd3 h6 21.
Ng3 Nbd5 22. Nf5 Bb4 23. Rxe8+ Nxe8 24. Be3 Nxe3 25. Nxe3 Nf6 26. Rd1 Kf8 27.
Nc4 Ne4 28. Ne3 Nc5 29. b3 Nxd3 30. cxd3 Ke7 31. Kf1 Ke6 32. Ke2 Kf6 33. Rc1
Re8 34. Rc4 a5 35. d4 g6 36. Kd3 Rd8 37. Ng4+ Kg7 38. Ne3 Be1 39. f3 h5 40. g4
hxg4 41. hxg4 Bf2 42. Nc2 Bg3 43. Ne3 Bf4 44. Nd1 Bd6 45. Nc3 Bb4 46. Ne4 Rd5
47. f4 Be7 48. Ke3 Bb4 49. g5 Be7 50. Nf2 Rd7 51. Nd3 Bd6 52. Kf3 Bb8 53. Nc5
Rd5 54. Nxb7 Rf5 55. Rxc6 Bxf4 56. Ke4 Bxg5 57. d5 Rf4+ 58. Kd3 Rf3+ 59. Kc4
Bd2 60. Nc5 Kf8 61. d6 1-0

[Event "Autumn Cup"]
[Site "Wellington Chess Club"]
[Date "2017.05.11"]
[Round "3.2.2"]
[White "Jackson, Ross"]
[Black "Stone, Andrew"]
[Result "1/2-1/2"]
[WhiteElo "2053"]
[BlackElo "2118"]

1. d4 Nf6 2. c4 g6 3. Nf3 Bg7 4. g3 O-O 5. Bg2 d5 6. cxd5 Nxd5 7. O-O Nc6 8. e4
Nb6 9. d5 Na5 10. Nc3 c6 11. dxc6 Nxc6 12. Bf4 Be6 13. Nd2 Nd4 14. Rc1 Rc8 15.
Kh1 Qd7 16. e5 Bh3 17. Nf3 Bxg2+ 18. Kxg2 Rfd8 19. Nxd4 Qxd4 20. Qxd4 Rxd4 21.
Nb5 Rd5 22. Nc3 Rdc5 23. Rfe1 e6 24. Rcd1 g5 25. Bxg5 Rxe5 26. Ne4 Nd5 27. f4
Rxe4 28. Rxe4 Bxb2 29. Re2 Nc3 30. Rxb2 (30. Rc2 $1) 30... Nxd1 31. Rxb7 Rc2+
32. Kf3 f5 33. g4 Rxa2 34. gxf5 exf5 35. h4 h5 36. Rb5 Ra3+ 37. Kg2 a5 38. Bd8
a4 39. Ra5 Rd3 40. Bb6 a3 41. Rxf5 a2 42. Ra5 Nc3 43. Bc7 Rd1 44. Be5 a1=Q 45.
Rxa1 Rxa1 46. Bxc3 Ra3 47. Bf6 Kf7 48. Bg5 Kg6 49. f5+ Kxf5 50. Bd8 Kg4 51. Kf2
Ra2+ 52. Ke3 Kg3 53. Bg5 Ra3+ 54. Ke2 Rf3 55. Bd8 Rf5 56. Bg5 Re5+ 57. Kd3 Kg4
58. Bf6 Rf5 59. Bg5 Rxg5 60. hxg5 Kxg5 61. Ke2 Kg4 62. Kf2 Kh3 63. Kg1 1/2-1/2

[Event "Autumn Cup"]
[Site "Wellington Chess Club"]
[Date "2017.05.11"]
[Round "3.3.1"]
[White "Brockway, Andrew"]
[Black "Aldridge, Alan"]
[Result "1/2-1/2"]
[WhiteElo "1877"]
[BlackElo "1942"]

1. e4 c6 2. d4 d5 3. exd5 cxd5 4. Bd3 Nf6 5. c3 Nc6 6. Bf4 g6 7. Nf3 Bg7 8.
Nbd2 O-O 9. O-O Nh5 10. Bg3 Nxg3 11. hxg3 Bg4 12. Qe1 Qd6 13. Nh2 Bd7 14. f4
Rab8 15. a4 a6 16. Nhf3 b5 17. axb5 axb5 18. b4 Qc7 19. Nb3 Bg4 20. Nc5 Bxf3
21. gxf3 Nxb4 22. cxb4 Bxd4+ 23. Kg2 Bxc5 24. bxc5 Qxc5 25. Qb1 b4 26. Qb3 Qc3
27. Rab1 Rfc8 28. Rf2 Ra8 29. Rc2 Qd4 30. Rxc8+ Rxc8 31. Be2 Qd2 32. Qd3 Qxd3
33. Bxd3 Rc3 34. Be2 d4 35. Bd1 f6 36. Rxb4 e5 37. Rb2 exf4 38. gxf4 Kg7 39.
Rd2 Rc4 40. Kg3 g5 41. fxg5 fxg5 42. Rd3 h6 43. Rd2 Kf6 44. Be2 Ra4 45. Bd3
1/2-1/2

[Event "Autumn Cup"]
[Site "Wellington Chess Club"]
[Date "2017.05.11"]
[Round "3.3.2"]
[White "Farrington, Lawrence"]
[Black "Rossiter, Philip"]
[Result "0-1"]
[WhiteElo "1855"]
[BlackElo "1945"]

1. e4 e6 2. d4 d5 3. Nc3 Nf6 4. Bg5 Bb4 5. e5 h6 6. exf6 hxg5 7. fxg7 Rg8 8.
Bd3 Qf6 9. Ne2 a6 10. a3 Bd6 11. Ng3 Qxg7 12. Nb1 Bd7 13. c3 Nc6 14. Qe2 O-O-O
15. Nd2 f5 16. Nb3 Qe7 17. Nf1 e5 18. dxe5 Qxe5 19. O-O-O Rde8 20. Qxe5 Nxe5
21. Bc2 Ng4 22. Rxd5 Nxf2 23. Rg1 Bf4+ 24. Nfd2 Ne4 25. g3 Be6 26. Bxe4 fxe4
27. Ra5 Be3 28. Re1 Bb6 29. Re5 e3 30. Re2 exd2+ 31. Nxd2 Bd7 32. Nc4 Ba7 33.
Nd2 b5 34. Nf3 g4 35. Nd4 Rxe5 36. Rxe5 Re8 37. Rh5 Re1+ 38. Kd2 Rh1 39. Rh6
Kb7 40. Ne2 Rb1 41. Kc2 Rf1 42. Kb3 Rf2 43. Nd4 Bxd4 44. cxd4 Bc6 45. Rh5 Rf3+
46. Kc2 Be4+ 47. Kc1 Rd3 48. Rg5 Bf3 49. a4 b4 50. Rf5 0-1

[Event "Autumn Cup"]
[Site "Wellington Chess Club"]
[Date "2017.05.11"]
[Round "3.3.3"]
[White "Barraza, Jesse"]
[Black "Stoeveken, Peter"]
[Result "1-0"]
[WhiteElo "1871"]
[BlackElo "1863"]

1. e4 c5 2. Nf3 Nc6 3. d4 cxd4 4. Nxd4 e5 5. Nb5 a6 6. Nd6+ Bxd6 7. Qxd6 Qf6 8.
Qd1 Nge7 9. Nc3 d6 10. Bc4 O-O 11. O-O Qg6 12. f4 Bg4 13. Qd2 Bd7 14. f5 Qf6
15. Rf3 Nd4 16. Rg3 Kh8 17. Qd3 h6 18. Be3 Nec6 19. Nd5 Qd8 20. c3 Nb5 21. Bxh6
gxh6 22. Qe3 Qh4 23. Rh3 Qxh3 24. Qxh3 Kg7 25. f6+ 1-0